000 00742nam a2200193Ia 4500
008 0000001984 fr a 0000000000mul00
090 _aPSP00 B14s
100 1 _aBallester, Margarita
245 1 0 _aSerra de Rivera
_c/ texto de Margarita Ballester
300 _a[24] p.
_c/ 20 cm.
500 _aExposición realizada en FIAC84 Grand Palais de París en octubre de 1984 \ incluye datos biográficos y cronología artística \ Texto en catalán y francés
600 0 0 _a SERRA DE RIVERA, JAVIER, 1946/
_xTRABAJOS PICTORICOS
650 1 4 _a PINTURA ESPAÑOLA
650 1 4 _aARTE CONTEMPORANEO ESPAÑOL
650 1 4 _xCATALOGOS
650 1 4 _xEXPOSICIONES
650 1 4 _aPINTORES ESPAÑOLES
999 _c16266
_d16266
260 _aParis : Fiac
_c1984